FARMING FOR HEALTH

Bibliographic Details
Main Author: HASSINK, JAN
Other Authors: VAN DIJK, MAJKEN
Format: Electronic Kit Book
Language:English
Published: Dordrecht Springer 2006
Subjects:
Online Access:http://dx.doi.org/10.1007/1-4020-4541-7
LEADER 00983nom a2200313 u 4500
001 10072204
003 upatras
005 20210121063104.0
008 090513s2006 eng
020 |a 9781402045417 
040 |a GR-PaULI  |c GR-PaULI 
041 0 |a eng 
100 1 |a HASSINK, JAN  |9 70238 
245 1 0 |a FARMING FOR HEALTH  |h [electronic resource]  |c edited by JAN HASSINK, MAJKEN VAN DIJK 
260 |a Dordrecht  |b Springer  |c 2006 
300 |b v.: digital 
650 4 |a Οικολογία  |9 5723 
650 4 |a Botany  |9 10956 
650 4 |a Agriculture  |9 14304 
650 4 |a Life Sciences  |9 13282 
650 4 |a Οικολογία  |9 5723 
650 4 |a Plant Sciences  |9 64078 
650 4 |a Agriculture  |9 14304 
700 1 |a VAN DIJK, MAJKEN  |9 70239 
852 |a GR-PaULI  |b ΠΑΤΡΑ  |b ΒΚΠ 
856 4 0 |u http://dx.doi.org/10.1007/1-4020-4541-7 
942 |2 ddc 
952 |0 0  |1 0  |4 0  |7 0  |9 73660  |a LISP  |b LISP  |d 2016-04-24  |l 0  |r 2016-04-24 00:00:00  |w 2016-04-24  |y ERS 
999 |c 48449  |d 48449